Bees Knees: Countries with Beehives - Statistics

General Stats
  • This quiz has been taken 48 times
  • The average score is 11 of 17
Answer Stats
Countries that Buzz % Correct
United States
100%
Canada
93%
China
85%
Mexico
83%
Brazil
76%
Germany
76%
Argentina
74%
Russia
74%
Spain
74%
India
70%
Turkey
54%
Ukraine
52%
South Korea
46%
Tanzania
43%
Kenya
41%
Ethiopia
35%
Angola
33%
No matching quizzes found
Score Distribution
Percent of People with Each Score
Percentile by Number Answered
Your Score History
You have not taken this quiz